| 000 | 00000nas 2200000za 4500 |
| 001 | 9.808542 |
| 003 | CaOODSP |
| 005 | 20221107140419 |
| 007 | cr ||||||||||| |
| 008 | 150406d19962003oncbr p o f0 a0eng|d |
| 022 | |a1702-3939 |
| 040 | |aCaOODSP|beng |
| 043 | |an-cn--- |
| 086 | 1 |aJS83-4E-pdf |
| 130 | 0 |aResearch summary (Canada. Solicitor General Canada : Online) |
| 210 | 0 |aRes. summ. - Can., Solicit. Gen. Can. |b(Online) |
| 222 | 0|aResearch summary - Canada. Solicitor General Canada |b(Online) |
| 245 | 00|aResearch summary |h[electronic resource] : |bcorrections research and development. |
| 260 | 3 |a[Ottawa] : |bSolicitor General Canada, |c[1996]-2003. |
| 310 | |aBimonthly |
| 362 | 1 |aVol. 1, no. 1 (May 1996)-Vol. 8, no. 6 (November 2003). |
| 500 | |aEach issue has a distinctive title. |
| 500 | |aIssued also in French under title: Recherche en bref. |
| 520 | 3 |aSummarizes the results of recent corrections research using an easy-to-understand, question-and-answer format. Each report focuses on one piece of research and on answering one question. Includes a contact for more information. |
| 690 | 07|aCorrectional institutions|2gcpds |
| 690 | 07|aResearch and development|2gcpds |
| 710 | 1 |aCanada. |bSolicitor General Canada. |
| 775 | 08|tRecherche en bref |w(CaOODSP)9.808544 |
| 785 | 00|tResearch summary |w(CaOODSP)9.505557 |